Statistics for Biggest countries in Europe

Click here to take the quiz!

General Stats

  • This quiz has been taken 54 times
    (31 since last reset)
  • The average score is 12 of 13

Answer Stats

Area In kilometersAnswer% Correct
551,695France
100%
505,600Spain
100%
450,295Sweden
100%
338,462Finland
96%
357,022Germany
96%
385,203Norway
96%
312,679Poland
96%
238,391Romania
96%
603,500Ukraine
96%
261,780United Kingdom
96%
131,990Greece
93%
207,600Belarus
89%
301,340Italy
89%

Score Distribution

Percentile by Number Answered

Percent of People with Each Score

Your Score History

You have not taken this quiz since the last reset